The Legend of Zelda: Ocarina of Time - Dungeons - Statistics

General Stats
  • This quiz has been taken 312 times
  • The average score is 9 of 12
Answer Stats
Answer % Correct
Fire Temple
94%
Water Temple
94%
Forest Temple
93%
Inside the Deku Tree
93%
Shadow Temple
90%
Spirit Temple
87%
Dodongo's Cavern
79%
Inside Ganon's Castle
73%
Inside Jabu Jabu's Belly
69%
Ice Cavern
68%
Bottom of the Well
52%
Gerudo's Training Grounds
17%
No matching quizzes found
Score Distribution
Percent of People with Each Score
Percentile by Number Answered
Your Score History
You have not taken this quiz